1255 1371 1819 1313 1223 1852 1661 1573 1207 1156 1877 1956 1607 1993 1565 1808 1079 1402 1899 1624 1687 1922 1087 1527 1175 1192 1311 1142 1725 1585 1435 1109 1571 1413 1227 1592 1512 1262 1008 1893 1473 1236 1233 1703 1513 1248 1681 1463 1869 1722 1913 1009 1827 1023 1062 1019 1001 1319 1634 1193 1310 1094 1799 1242 1433 1763 1278 1770 1044 1941 1709 1642 1215 1946 1983 1995 1580 1283 1647 1045 1490 1426 1580 1874 1990 1732 1775 1408 1334 1839 1492 1609 1924 1449 1417 1651 1302 1676 1273 BCNSPRNW ULIB Ver.6.0+V

เปลี่ยนเป็นภาษาไทย

Change to English
 แสดงรายละเอียดบรรณานุกรม
  กลับหน้าหลัก

Brief Record : Get Marc (ISO 2709) : E-mail record : QR code < ปิดหน้าต่าง
LEADER : 00000nam 2200000uu 4500
001    13399123706
003     ULIB
008    141116s2549||||th 000 0 tha d
020    9789747074888
099    นว.^bว282ว
100 0  วนวรรณ
245 00 วันที่รอคอย^cวนวรรณ
260    กรุงเทพฯ:^bสำนักพิมพ์อรุณ,^c2549
945    ^p425^l0^i018789
999    ^aเกษร โพธิ์สุวรรณ
รายการนี้ยังไม่มีแท็ก
คุณยังไม่ได้ล็อกอิน คุณสามารถมีกิจกรรมร่วมกับเว็บไซต์ได้ แต่ต้องล็อกอินก่อน ::
  ล็อกอิน

รายการสื่อสารสนเทศ

ลำดับที่ ประเภท เลขเรียก/บาร์โค้ด สถานที่ สถานะ
1. นวนิยาย
นวนิยาย
นว. ว282ว ฉ.1 
  Barcode: 018789
ห้องสมุดวิทยาเขตนครสวรรค์
►นวนิยาย:l:Fiction
บนชั้น

รายการใกล้เคียง
    ผู้แต่ง [วนวรรณ]

BibComment


ยังไม่เคยถูกคอมเมนท์

คอมเมนท์ทรัพยากรรายการนี้
  คอมเมนท์: วันที่รอคอย วนวรรณ


 Copyright 2026. Bcnsprnw @Library